000 01109nam0a22002651 4500
001 rc\1098616
005 20041126174007.3
035 _a(NLR Aleph) 006344447
090 _a4735217
_c4735217
100 _a20041126d1984 u |0rusy50 ca
101 0 _arus
102 _aRU
105 _aa |||||||||
200 1 _aХимические реакции и процессы в расплавах электролитов
_e[Сб. ст.
_fОтв. ред. д. х. н., проф. Шкляев В.С., к. х. н. Чекрышкин Ю.С.]
210 _aСвердловск
_cУНЦ АН СССР
_d1984
215 _a65 с.
_cил.
_d20
225 1 _aНаучные доклады
_eПрепринт
_fАН СССР, Ур. науч. центр, Ин-т механики сплошных сред
320 _aБиблиогр. в конце ст.
702 1 _aШкляев
_bВ. С.
_4340
712 0 2 _aИнститут механики сплошных сред
_cПермь
_3RU\NLR\AUTH\889996651
801 0 _aRU
_bNLR
_gpsbo
801 1 _aRU
_bELAR
_2rusmarc
852 _aNLR
_j85-4/42067
942 _cBOOK
980 _aNB